000 01076nam a22002417a 4500
008 131125b xxu||||| |||| 00| 0 alb d
020 _a9211541247
020 _a9211540992
041 0 _aalb
080 _a341
245 0 0 _aTë drejtat e njeriut :
260 _aPrishtinë :
_bFinnish - OHCHR Human Right Support Programme - Kosovo ;
_c2004-2005.
300 _a506 f. :
_c21 cm.
490 _aPublikim i kombeve të bashkuara
_vII
500 _aNë faqën e titullit : Përkthim Jozyrtar i Publikimit të Kombeve të Bashkuara ST/HR/1/Rev.5 (Vol. II)
500 _aParathënie : f. [1-2] (Vëll. II)
505 _aVëllimi I (Pjesa e parë). |t Instrumentet e përgjithshme / |r [përkthyes Ilir Dugolli]-- |g Vëllimi I (Pjesa e dytë). |t Instrumentet universale / |r [përkthyes Naim Osmani]-- |g Vëllimi II. |t Instrumente rajonale / |r [përkthyes Xhemajl H. Ahmeti]
650 0 _aTë drejtat e njeriut
700 1 _aDugolli, Ilir,
700 1 _aOsmani, Naim,
700 1 _aAhmeti, Xhemajl H.
942 _2udc
_cBK
999 _c340
_d340